| 000 | 00691nam a22002297a 4500 | ||
|---|---|---|---|
| 003 | OSt | ||
| 008 | 260629b |||||||| |||| 00| 0 eng d | ||
| 020 | _a9789360537166 | ||
| 082 |
_a613.2 _bD91N |
||
| 100 | _aDuntord, Marie | ||
| 245 |
_aNutrition for Sport and Exercise _cDunford, Marie |
||
| 250 | _a5th edition | ||
| 260 |
_aNew Delhi _bCengage Learning India Pvt ltd. _c2022 |
||
| 300 | _axxi., 596p. | ||
| 650 | _aSports nutritional aspects. | ||
| 650 | _aAthletes $x Nutrition. | ||
| 650 | _aPhysical fitness $x Nutritional aspects. | ||
| 650 | _aExercise $x Physiological aspects. | ||
| 650 | _aSports nutritional aspects. | ||
| 700 | _aDoyle, J. Andrew | ||
| 942 |
_2ddc _cBK |
||
| 999 |
_c52473 _d52473 |
||